[Event "American Continental-ch 2018"]
[Site "Montevideo"]
[Date "2018.06.02"]
[Round "2"]
[White "Tristan, Leonardo"]
[Black "Mesias Rojas, Rabindranath"]
[Result "1/2-1/2"]
[WhiteElo "2459"]
[BlackElo "2203"]
[Annotator "TA"]
[PlyCount "87"]
[EventDate "2018.??.??"]
[EventType "swiss"]
[EventCountry "URU"]
[SourceTitle "playchess.com"]
[Source "ChessBase"]
[SourceQuality "1"]

{[%evp 14,87,91,87,108,107,141,131,133,135,140,124,125,130,130,111,122,89,154,161,153,152,164,-6,-5,-12,-8,-27,-30,-36,0,-51,-35,-46,-37,-36,37,0,41,0,0,0,0,-11,-10,-11,-14,-10,-10,-17,-15,-14,-16,-16,0,0,0,0,0,0,0,0,0,0,0,0,0,0,0,0,0,0,0,0,0,0]} 1. d4 Nf6 2. c4 c5 3. d5 e5 4. Nc3 d6 5. e4 g6 6. Bd3 Bg7 7. Nge2 Nh5 {A56: Czech Benoni} (7... O-O 8. Ng3 a6 9. O-O Nbd7 10. a3 h5 11. Bg5 Qe8 12. Qd2 Nh7 13. Be3 h4 14. Nh1 f5 15. exf5 gxf5 16. f4 e4 17. Be2 Qg6 {1-0 (40) Tregubov,P (2628)-Vorobiov,E (2621) Rijeka 2010}) 8. h3 {LiveBook: 3 Games} O-O 9. g4 Nf4 {White is better.} 10. Nxf4 exf4 11. Bxf4 a6 12. a4 $146 ({Predecessor:} 12. Qd2 Re8 13. a4 b6 14. Bg5 Qc7 15. Bh6 Bh8 16. O-O {1-0 (31) Gheorghiu,F-Vaisman,V Bucharest 1965}) 12... Qe7 13. Qd2 Nd7 14. Bg5 f6 15. Be3 Ne5 (15... f5 $142) 16. Be2 $16 f5 {[%cal Rf5g4] [#]} 17. f4 $1 {[%cal Rf4e5]} Nf7 18. gxf5 $2 (18. exf5 $18 gxf5 19. g5) 18... Bxc3 $1 $11 19. Qxc3 Qxe4 20. Kd2 (20. O-O-O $5 {[%cal Rf5g6]} Bxf5 21. Rhe1 $15) 20... Bxf5 21. a5 Rae8 22. Raf1 (22. Rae1 $11) 22... Nh6 23. Bf3 Qe7 24. h4 Qg7 ({Better is} 24... Be4 $15 25. h5 Qg7) 25. Qxg7+ $14 Kxg7 26. h5 (26. b4 $5 {[%cal Rb4c5]}) 26... Be4 {The position is equal.} 27. hxg6 hxg6 28. b4 Nf5 {Hoping for ...Bxd5!} 29. bxc5 {[#] Black must now prevent Bg1.} Nxe3 30. Kxe3 Bxd5+ $1 31. Kd4 Bxf3 32. Rxf3 dxc5+ 33. Kxc5 $11 {[%mdl 4096] Endgame KRR-KRR} Re4 34. Rd1 Rc8+ 35. Kb6 Rcxc4 36. f5 Rb4+ 37. Ka7 gxf5 38. Rxf5 {Strongly threatening Rg1+.} Kg6 39. Rf2 {And now Rg1+ would win.} Re5 40. Rd6+ Kg5 41. Rb6 Rbb5 42. Ra2 Rxa5 43. Rxa5 Rxa5 44. Kxb7 {Precision: White = 64%, Black = 66%.} 1/2-1/2

[Event "American Continental-ch 2018"]
[Site "Montevideo"]
[Date "2018.06.02"]
[Round "2"]
[White "Sosa, Tomas"]
[Black "Cerda Albornoz, Guillermo"]
[Result "1-0"]
[WhiteElo "2453"]
[BlackElo "2195"]
[Annotator "TA"]
[PlyCount "95"]
[EventDate "2018.??.??"]
[EventType "swiss"]
[EventCountry "URU"]
[SourceTitle "playchess.com"]
[Source "ChessBase"]
[SourceQuality "1"]

{[%evp 22,95,39,46,56,56,52,55,53,53,80,43,82,39,46,39,54,13,20,18,54,52,69,68,108,84,141,105,123,91,90,80,166,173,341,344,347,0,15,0,0,0,0,0,0,0,282,270,306,212,237,228,252,236,233,247,234,242,234,202,201,179,305,235,4578,1385,3379,36,5485,5389,5518,4134,29954,29955,5401,5393]} 1. e4 e6 2. d4 d5 3. Nd2 Nf6 4. e5 Nfd7 5. Bd3 c5 6. c3 Nc6 7. Ne2 cxd4 8. cxd4 Nb6 9. O-O Bd7 10. f4 g6 {C06: Französische Verteidigung (Tarrasch-Variante)} 11. Nf3 (11. Rf3 h5 12. Rh3 Bh6 13. Nf3 Qe7 14. a4 a5 15. Nc3 O-O-O 16. Nb5 Kb8 17. Bd2 Nb4 18. Bf1 {½-½ (51) Haslinger,S (2548)-Van der Weide,K (2449) Seville 2014}) 11... Nb4 12. Bb1 {LiveBook: 7 Partien} Ba4 {Weiß steht etwas besser.} 13. b3 Bb5 14. a3 {[%cal Ba2a3,Ba3a4,Ba4a5][%mdl 32]} Nc6 15. Rf2 Qd7 $146 ({Vorgänger:} 15... a5 16. g4 h5 17. gxh5 Rxh5 18. Ng3 {1-0 (76) Chen,R (2309)-Fuentes Parra,V (2087) Tarvisio 2017}) 16. a4 Ba6 17. a5 Nc8 18. g4 Bb4 19. Bd2 Bxe2 20. Qxe2 Bxd2 21. Qxd2 a6 22. f5 $36 {[%mdl 2048] Weiss hat Druck.} N8a7 23. Ng5 {[%cal Bf3g5,Bg5e6,Be6d4][%mdl 32]} O-O-O ({Lieber} 23... Nb5) 24. fxg6 fxg6 25. Rf7 Qe8 {zielt auf ...h6 ab.} 26. Rf6 Nb5 (26... Qe7 $16) 27. Nxe6 $18 Nbxd4 $2 (27... Ncxd4 {ist eine bessere Verteidigung.} 28. Nxd4 Qxe5) 28. Nxd4 Qxe5 29. Rf4 $2 ({Minderwertig wäre} 29. Nxc6 Qxf6 30. Nd4 Rhf8 $11) (29. Rxc6+ $1 $18 bxc6 30. Qc3) 29... Rhf8 $11 30. Nxc6 Qxa1 31. Qc1 Rxf4 {[#]} 32. Bf5+ $1 {[%mdl 512]} gxf5 33. Ne7+ Kd7 $2 {[%mdl 8192]} (33... Kb8 $1 $11 {und Schwarz ist OK.} 34. Qxa1 d4) 34. Qxa1 $18 Rxg4+ 35. Kh1 Ke6 36. Qc3 Re8 {[#]} 37. Nc8 $1 Reg8 {[%csl Gg8][%cal Rg4g1] [#]} 38. Qc5 $1 {[%csl Gc8][%cal Rc5e7]} (38. Qe3+ Kd7 $14) 38... Rg1+ 39. Qxg1 Rxg1+ 40. Kxg1 {[%mdl 4096] Endspiel KS-KB} Ke5 41. Kf2 Kd4 (41... d4 $142 42. Ke2 f4) 42. Nd6 Kc3 $2 (42... Kc5 43. Nxf5 (43. Nxb7+ Kc6 $18) 43... Kb4) 43. Nxb7 d4 44. Nd6 $2 (44. Nc5 $18 Kb4 45. Nxa6+ Kxa5 46. Nc7) 44... f4 $2 {[%mdl 8192]} (44... Kxb3 $14 45. Nxf5 Kc3) 45. Kf3 Kxb3 46. Kxf4 Kc2 47. Ne4 Kd3 48. Nc5+ {Precision: Weiß = 63%, Schwarz = 26%.} 1-0

[Event "American Continental-ch 2018"]
[Site "Montevideo"]
[Date "2018.06.02"]
[Round "2"]
[White "Roselli Mailhe, Bernardo"]
[Black "Donoso Diaz, Sebastian"]
[Result "*"]
[WhiteElo "2433"]
[BlackElo "2184"]
[Annotator "TA"]
[PlyCount "24"]
[EventDate "2018.??.??"]
[EventType "swiss"]
[EventCountry "URU"]
[SourceTitle "playchess.com"]
[Source "ChessBase"]
[SourceQuality "1"]

{[%evp 10,11,38,31]} 1. d4 d5 2. c4 dxc4 3. Nf3 Nf6 4. e3 b5 5. a4 b4 6. Bxc4 {LiveBook: 196 Games. D25: Queen's Gambit Accepted: 4 e3: sidelines and 4...Bg4} {Predecessor:} e6 $146 7. O-O Be7 8. Qe2 O-O 9. b3 Bb7 10. Bb2 Nbd7 11. Nbd2 c5 12. Rac1 Rc8 {½-½ (27) Bu,X (2730)-Inarkiev,E (2689) Riadh 2017} *

[Event "American Continental-ch 2018"]
[Site "Montevideo"]
[Date "2018.06.02"]
[Round "2"]
[White "Roselli Mailhe, Bernardo"]
[Black "Donoso Diaz, Sebastian"]
[Result "1-0"]
[WhiteElo "2433"]
[BlackElo "2184"]
[Annotator "TA"]
[PlyCount "54"]
[EventDate "2018.??.??"]
[EventType "swiss"]
[EventCountry "URU"]
[SourceTitle "playchess.com"]
[Source "ChessBase"]
[SourceQuality "1"]

{[%evp 19,54,14,26,-4,-13,-16,20,18,34,22,27,10,32,6,8,0,68,0,0,0,131,120,116,129,234,183,440,439,425,425,768,534,633,647,622,602,913]} 1. d4 d5 2. c4 dxc4 3. Nf3 Nf6 4. e3 b5 5. a4 b4 6. Bxc4 {D25: Queen's Gambit Accepted: 4 e3: sidelines and 4...Bg4} e6 7. Qe2 Be7 8. O-O O-O 9. Nbd2 (9. b3 Bb7 10. Bb2 Nbd7 11. Nbd2 c5 12. Rac1 Rc8 {½-½ (27) Bu,X (2730)-Inarkiev,E (2689) Riadh 2017}) 9... Bb7 10. e4 c5 {LiveBook: 12 Games} 11. e5 Nd5 12. Nb3 $146 ({Predecessor:} 12. Ne4 cxd4 {0-1 (30) Potapov,A (2401)-Nabaty,T (2622) Pardubice 2016}) 12... Nd7 (12... Nb6 $5 {[%cal Rb6c4]}) 13. Bd3 cxd4 14. Qe4 {[%csl Gd3][%cal Re4h7]} g6 15. Bh6 Re8 16. h4 Qb8 {Hoping for ...N5b6.} 17. Qxd4 f6 (17... Rd8 $11) 18. exf6 (18. Rfe1 $14) 18... Bxf6 $11 19. Qg4 $1 $36 {[%mdl 2048] White has some pressure.} Ne5 (19... Bxb2 $11 {remains equal.} 20. Bxg6 hxg6 21. Qxg6+ Kh8 22. Bg7+ Bxg7) 20. Nxe5 $16 Bxe5 21. Rae1 {Black must now prevent Nc5.} Qd6 {[#]} (21... Re7 $16) 22. Bxg6 $1 {[%mdl 512]} Kh8 $2 (22... hxg6 23. Qxg6+ Kh8) 23. Bxe8 $18 {White is clearly winning.} Rxe8 {[#]} 24. Nc5 $1 {[%cal Bb3c5,Bc5e4,Be4g5][%mdl 544]} Ba8 (24... Bc6 $142 25. Ne4 Qd7) (24... Qxc5 25. Rxe5) 25. Ne4 Qc7 26. Ng5 {Strongly threatening Rxe5.} Nf6 27. Qh3 Kg8 {Precision: White = 56%, Black = 24%.} 1-0

[Event "American Continental-ch 2018"]
[Site "Montevideo"]
[Date "2018.06.02"]
[Round "2"]
[White "Soto Vega, Jorge"]
[Black "Shankland, Samuel"]
[Result "0-1"]
[WhiteElo "2357"]
[BlackElo "2717"]
[Annotator "TA"]
[PlyCount "120"]
[EventDate "2018.??.??"]
[EventType "swiss"]
[EventCountry "URU"]
[SourceTitle "playchess.com"]
[Source "ChessBase"]
[SourceQuality "1"]

{[%evp 14,120,0,3,11,11,36,0,-1,0,-4,-36,-26,-69,-55,-45,-23,-23,-41,-120,-112,-128,-123,-122,-117,-112,-110,-105,-112,-112,-106,-110,-70,-90,-90,-62,-29,-33,-10,-16,-22,-22,0,0,0,-43,-33,-57,-44,-56,-12,-45,-36,-89,-85,-95,-94,-95,-81,-76,-32,-27,-14,-18,-11,-14,-10,-13,-13,-20,-8,-8,0,0,0,0,0,0,0,0,0,0,0,-41,-40,-50,-6,-38,-49,-100,-75,-204,-160,-159,-161,-154,-162,-348,-208,-421,-420,-1267,-1316,-1031,-1127,-1042,-991,-927,-911]} 1. e4 c5 2. Nf3 Nc6 3. Bb5 g6 4. O-O Bg7 5. Re1 Nf6 6. c3 O-O 7. h3 Qb6 8. a4 {LiveBook: 7 Games. B31: Sicilian: 2...Nc6 3 Bb5 g6} (8. Na3 d5 9. e5 Ne8 10. d4 cxd4 11. cxd4 Nc7 12. Ba4 Bf5 13. Bc2 e6 14. g4 Bxc2 15. Nxc2 f6 16. exf6 Rxf6 {½-½ (53) Vachier Lagrave,M (2788)-Caruana,F (2795) chess.com INT 2016}) 8... Rd8 9. e5 Ne8 $146 ({Predecessor:} 9... Nd5 10. d3 d6 11. exd6 exd6 12. Bg5 Nf6 13. Nbd2 h6 14. Bf4 a6 15. Nc4 Qc7 16. Bxc6 Qxc6 {½-½ (29) Vekelis,G (2345)-Wettstein,K (2306) ICCF email 2014}) 10. Na3 {[%cal Bb1a3,Ba3c4,Bc4e5][%mdl 32] White is slightly better.} d6 {[%cal Rc6e5]} 11. Nc4 Qc7 {[%cal Rc6e5]} 12. Bxc6 Qxc6 13. exd6 Nxd6 14. Nce5 Qc7 15. d4 cxd4 16. Qxd4 (16. Nxd4 $15 Nf5 17. Bf4 Nxd4 18. cxd4) 16... f6 $1 $17 {[%cal Rf6e5]} 17. Ng4 Nc4 18. Qf4 Qxf4 19. Bxf4 h5 ({Don't play} 19... Nxb2 $6 20. Rxe7 Bxg4 21. hxg4 $11) 20. Ngh2 e5 21. Bc1 Be6 22. Nf1 Rd3 23. N3d2 Na5 24. f4 Rad8 25. fxe5 fxe5 26. Ne4 Nb3 27. Rb1 $1 Bd7 28. Bg5 Rf8 {[%cal Bd8f8,Bf8f7,Bf7f4][%mdl 32]} 29. a5 Bc6 $36 {[%mdl 2048] Black is more active.} 30. Be7 Rf7 31. Bb4 Bf8 32. Nf2 Rd5 33. Rbd1 (33. Bxf8 $15 Kxf8 34. Rbd1) 33... Rxd1 $1 34. Nxd1 Bxb4 35. cxb4 Rf4 $1 36. Rxe5 Rxb4 37. a6 $1 Kf7 38. axb7 Rxb7 39. Re2 Nd4 40. Rf2+ Ke6 41. Nfe3 h4 42. Nc3 Nf5 43. Ng4 Rb4 44. Re2+ Kd6 45. Ne5 Ng3 46. Nf7+ Kc5 47. Rc2 {Threatens to win with Ne5.} Kd4 48. Ng5 Kd3 49. Rf2 Rb6 {next ...Ra6 is good for Black.} 50. Ne6 Ba8 51. Nc5+ ({White should try} 51. Nc7 $15) 51... Kc4 52. N5a4 (52. Nd7 $17 Re6 53. Rf4+ Re4 54. Ne5+ (54. Nxe4 Ne2+ 55. Kf2 Nxf4 $17) 54... Kb3 55. Nxe4 Ne2+ 56. Kh2 Nxf4 57. Nc5+ Kb4 58. Na6+ Ka5 59. Nc5) 52... Rd6 53. Rf4+ Kb3 $1 {Strongly threatening ...Rd2.} 54. Kf2 {[#]} g5 $1 {[%cal Rg5f4]} 55. Rg4 $2 (55. Nc5+ {might work better.} Kxb2 56. Rc4) 55... Bc6 (55... Rf6+ $142 56. Ke3 Rf5) 56. Ke1 $2 (56. Nc5+ {keeps fighting.} Kxb2 57. Rc4) 56... Kc2 $19 {White must now prevent ...Rf6.} 57. Nc5 {[#]} (57. Rc4 $142 Kb3 58. Rg4 Re6+ 59. Kf2 Rf6+ 60. Ke3) 57... Rf6 $1 {[%csl Gg3][%cal Rf6f1] Black is clearly winning.} 58. Rxg3 hxg3 59. Ne2 Kxb2 60. Nxg3 a5 {Precision: White = 47%, Black = 69%.} 0-1

[Event "American Continental-ch 2018"]
[Site "Montevideo"]
[Date "2018.06.02"]
[Round "2"]
[White "Lujan, Carolina"]
[Black "Xiong, Jeffery"]
[Result "0-1"]
[WhiteElo "2341"]
[BlackElo "2656"]
[Annotator "TA"]
[PlyCount "88"]
[EventDate "2018.??.??"]
[EventType "swiss"]
[EventCountry "URU"]
[SourceTitle "playchess.com"]
[Source "ChessBase"]
[SourceQuality "1"]

{[%evp 23,88,0,22,-5,4,-14,-7,0,0,-20,0,0,0,0,3,0,18,-8,-8,-8,-8,-8,-8,-8,-8,-8,-8,-8,-8,-8,-8,-8,-8,-8,-8,-8,-8,-8,-8,-8,-8,-8,-8,-11,-8,-11,-11,-11,-8,-12,-8,-12,0,-12,-12,-21,-21,-48,-52,-298,-45,-314,-284,-1381,-1304,-1062,-1100]} 1. e4 c5 2. Nf3 d6 3. d4 Nf6 4. Nc3 cxd4 5. Nxd4 a6 6. g3 g6 7. Bg2 Bg7 8. O-O O-O 9. a4 Nc6 10. Nde2 Rb8 11. Nd5 {B70: Sicilian Dragon: 6 g3 and 6 Be2 (without a later Be3)} (11. h3 b5 12. axb5 axb5 13. Nd5 Nd7 14. Rb1 b4 15. Bg5 h6 16. Be3 e6 17. Ndf4 Nde5 18. b3 Ba6 19. Qd2 Kh7 20. Rfd1 Qc8 21. Nd4 Nxd4 22. Bxd4 {1-0 (55) Mchedlishvili,M (2603)-Demchenko,A (2660) Riadh 2017}) 11... e6 12. Nxf6+ Bxf6 {LiveBook: 7 Games} 13. Rb1 $146 {The position is equal.} ({Predecessor:} 13. c3 e5 14. b3 Be6 15. Be3 b5 16. axb5 axb5 17. f4 Bg4 18. h3 Bxe2 19. Qxe2 exf4 20. gxf4 Bxc3 {0-1 (61) Marinkovic,I (2463)-Kovacevic,A (2496) Kragujevac 2015}) 13... b5 14. axb5 axb5 15. Be3 b4 16. Nd4 Ne5 17. Qe2 Qc7 18. b3 Ra8 19. Ra1 Bb7 20. Nb5 Qc6 21. Na7 Qd7 22. Ra4 Nc6 23. Rd1 Nxa7 24. Rxa7 Rxa7 25. Bxa7 {[#]} Bxe4 $1 {[%mdl 512]} 26. Qxe4 {Black must now prevent Be3.} Qxa7 27. Rxd6 Be7 28. Rd1 Rc8 29. Bf1 Rc5 30. Kg2 Rf5 31. f3 Ra5 32. Bc4 Ra2 33. Qe2 Kg7 34. Qe5+ Bf6 35. Qe4 Qc5 36. Re1 Bd8 37. Rd1 Bf6 38. Re1 h5 39. Re2 Bc3 40. Qb7 Ra1 $36 {[%mdl 2048] ( -> ...Rg1+). Black has some pressure.} 41. Qe4 $2 {[#]} (41. Bd3 $1 $15) 41... Rg1+ $1 $19 42. Kh3 {[#]} Qc8 $1 {...e5+ is the strong threat.} 43. Rg2 $2 (43. Bxe6 fxe6 44. Qxe6 Qxe6+ 45. Rxe6) 43... e5+ 44. g4 hxg4+ {Precision: White = 60%, Black = 91%.} 0-1

[Event "American Continental-ch 2018"]
[Site "Montevideo"]
[Date "2018.06.02"]
[Round "2"]
[White "Aranha Filho, Alvaro Z"]
[Black "Cordova, Emilio"]
[Result "0-1"]
[WhiteElo "2304"]
[BlackElo "2621"]
[Annotator "TA"]
[PlyCount "82"]
[EventDate "2018.??.??"]
[EventType "swiss"]
[EventCountry "URU"]
[SourceTitle "playchess.com"]
[Source "ChessBase"]
[SourceQuality "1"]

{[%evp 9,82,37,52,72,96,57,112,91,86,91,84,52,36,47,57,17,16,10,11,16,8,-18,61,67,62,17,54,6,5,0,33,33,44,40,28,40,52,0,0,0,0,0,5,5,5,1,8,0,0,-4,-9,-153,-153,-145,-150,-135,-139,-175,-165,-252,-258,-245,-241,-290,-279,-309,-308,-838,-848,-1510,-1175,-1810,-1748,-29973,-12838]} 1. d4 Nf6 2. Nf3 e6 3. Bg5 c5 4. e3 {[%cal Be2e3,Be3e4,Be4e5][%mdl 32]} b6 5. d5 h6 6. Bxf6 $1 {A46: 1 d4 Nf6 2 Nf3 e6: Torre, London and Colle Systems} gxf6 (6... Qxf6 7. Nc3 a6 8. e4 e5 9. a4 d6 10. Nd2 Nd7 11. Nc4 g6 12. g3 Rb8 13. h4 h5 14. Bh3 Bg7 15. Kf1 {1-0 (63) Sjugirov,S (2650)-Zhao,J (2604) Riadh 2017}) 7. e4 $146 ({Predecessor:} 7. Nc3 a6 8. a4 f5 9. Bc4 Bg7 10. O-O O-O 11. Qd3 Bb7 12. e4 fxe4 13. Qxe4 {1-0 (61) Porrasmaa,T (2212)-Galianina Ryjanova,J (2335) Tallinn 2001}) 7... a6 (7... Bg7 $14) 8. a4 {White is better.} Bg7 9. Nc3 f5 10. e5 d6 11. dxe6 Bxe6 12. exd6 Nc6 13. Be2 Nd4 14. O-O Qxd6 15. Bd3 Qc6 (15... O-O $11) 16. Nxd4 $1 $14 Bxd4 17. Be2 {Threatens to win with Bf3.} Rd8 ({But not} 17... Rg8 $6 18. Bf3 $16) 18. Bf3 (18. Bxa6 {looks sharper.} O-O 19. Qh5 Kh7 20. Bd3 Qc8 21. Rfd1) 18... Qc8 19. Qc1 Bf6 20. Rd1 Rxd1+ 21. Qxd1 {Strongly threatening Qd6.} O-O {[%cal Bh8f8,Bf8b8,Bb8b2][%mdl 32]} 22. Nd5 Qd8 23. c4 (23. c3 $14) 23... Bxb2 $11 {And now ...Bxd5 would win.} 24. Rb1 {[%cal Ba1b1,Bb1b3,Bb3d3][%mdl 32]} Bd4 25. Nxb6 Qd6 26. Nd5 Rb8 27. g3 Kg7 28. Rb3 Bd7 {[%cal Be6d7,Bd7a4,Ba4b3][%mdl 32]} 29. Rd3 Qe5 {With the idea ...Bxa4!} 30. Kg2 (30. a5 $11) 30... Rb2 $17 31. Rd2 {[#]} Bxa4 $1 {[%mdl 512]} 32. Qc1 (32. Qxa4 Rxd2) 32... Bb3 33. Rxb2 Bxb2 34. Qf1 {[#]} (34. Qd2 $142 Qd4 35. Qxd4+ Bxd4 36. Nb6) 34... Bc2 $1 $19 35. Kg1 Bd4 36. Qc1 Be4 37. Bxe4 Qxe4 38. Nf4 $2 (38. Ne3) 38... a5 {[%cal Ba6a5,Ba5a4,Ba4a3][%mdl 32]} 39. Nh5+ Kh7 40. Nf4 a4 41. Qd1 a3 {Precision: White = 35%, Black = 68%.} 0-1

[Event "American Continental-ch 2018"]
[Site "Montevideo"]
[Date "2018.06.02"]
[Round "2"]
[White "Grabinsky, Aaron"]
[Black "Delgado Ramirez, Neuris"]
[Result "0-1"]
[WhiteElo "2296"]
[BlackElo "2613"]
[Annotator "TA"]
[PlyCount "112"]
[EventDate "2018.??.??"]
[EventType "swiss"]
[EventCountry "URU"]
[SourceTitle "playchess.com"]
[Source "ChessBase"]
[SourceQuality "1"]

{[%evp 9,112,56,55,13,7,-55,-34,-87,-29,-26,-22,-22,-14,-12,4,-41,-34,-50,-47,-54,-29,-27,-6,-24,-4,-102,-97,-97,-98,-87,-79,-77,-67,-64,-69,-71,0,-71,-23,-47,-55,-58,-59,-38,-46,-159,-74,-99,-98,-81,-114,-147,-156,-163,-111,-199,-192,-250,-258,-245,-245,-422,-420,-403,-406,-425,-416,-420,-171,-420,-416,-416,-385,-382,-377,-360,-279,-264,-251,-587,-338,-1501,-1493,-1486,-555,-1486,-1486,-1475,-1466,-1450,-1447,-1285,-1084,-1393,-1367,-1272,-1255,-1223,-1040,-2826,-2677,-2359,-2283,-1745,-1450]} 1. e4 e5 2. Nf3 Nc6 3. Bc4 g6 4. O-O (4. d4 exd4 5. c3 d3 6. O-O d6 7. Qb3 Qd7 8. Ng5 Nh6 9. Bxd3 Bg7 10. f4 O-O 11. Na3 Ng4 12. Bd2 b6 {½-½ (54) Van Kampen,R (2643)-Granda Zuniga,J (2662) Linares 2017}) 4... Bg7 5. c3 Nf6 6. Re1 {C50: Hungarian Defence and Giuoco Pianissimo} Nxe4 $146 ({Predecessor:} 6... O-O 7. d4 d6 8. dxe5 Nxe5 9. Nxe5 dxe5 10. Qc2 Qe7 11. a4 Be6 12. Na3 Bxc4 13. Nxc4 Qe6 14. b3 Nd7 15. Ba3 Rfd8 {½-½ (26) Espineira Gonzalez,D (2232)-Musalov,R (2387) Poio 2003}) 7. d4 (7. Rxe4 d5 $17) (7. d3 $11 Nf6 8. Nxe5) 7... d5 $15 8. dxe5 (8. Bb5 $15) 8... dxc4 (8... Nxf2 $1 $17 9. Kxf2 dxc4 10. Qxd8+ Nxd8) 9. Qxd8+ $11 Kxd8 10. Rxe4 Be6 11. Bg5+ Kd7 12. Nbd2 Bd5 13. Ree1 h6 14. Bf4 g5 15. Bg3 Ke6 16. h3 Rhd8 17. b3 (17. Re2 $11) 17... Bxf3 18. Nxf3 Rd3 19. Rac1 (19. bxc4 Rxc3 20. Re4 Rd3 $15) 19... cxb3 20. axb3 Rad8 21. Kf1 Kf5 22. Bh2 Ke6 (22... a5 $17) 23. Rc2 (23. Bg3 $11 {keeps the balance.}) 23... R3d5 24. g4 Rc5 (24... Nxe5 $6 25. h4 $14) (24... Bxe5 $6 25. Nd4+ $1 {[%mdl 512]} Kf6 26. Nxc6 $14) 25. Re3 Rd1+ 26. Ke2 Rb1 $36 {[%mdl 2048] Black fights for an advantage.} 27. c4 (27. Ra2 $1 $15) 27... b5 ({Inferior is} 27... Bxe5 28. Bxe5 Nxe5 29. Nd2 $16) (27... Ra5 $142 $1 {Hoping for ...Bf8.} 28. Rd2 Bf8) 28. Bg3 bxc4 (28... Bxe5 29. Bxe5 Nxe5 30. Nd2 $16) 29. bxc4 a5 {[%cal Ba7a5,Ba5a4][%mdl 32]} 30. Re4 {[#]} a4 $1 ({Don't take} 30... Bxe5 31. Ra2 $17) 31. Ra2 {[#]} Rb4 ({Weaker is} 31... Bxe5 32. Nxe5 Nxe5 33. Rxa4 $11) (31... Ra5 $1 $19 32. Nd2 Rb4) 32. Kd3 (32. Nd2 $17) 32... Bxe5 $19 33. Bxe5 (33. Nd2 $142) 33... Nxe5+ 34. Nxe5 Rxe5 35. Rxe5+ $2 (35. Rd4) 35... Kxe5 {[%mdl 4096] Endgame KR-KR} 36. Re2+ Kd6 37. Re8 Rb3+ 38. Kd4 c5+ 39. Ke4 Rc3 40. Rd8+ Ke7 41. Ra8 Rxc4+ 42. Kd5 Rc3 43. Rxa4 Rxh3 44. f4 $2 (44. Ra7+ {is more resistant.} Kf6 45. Ke4) 44... Rc3 45. f5 $2 (45. Ra6 gxf4 46. Rxh6) 45... Kf6 {Black is clearly winning.} 46. Ra6+ Kg7 47. Ra8 Rg3 48. Ke5 Re3+ 49. Kd5 {[#]} c4 $1 {[%cal Bc5c4,Bc4c3][%mdl 32]} 50. Rc8 (50. Kxc4 Re4+) 50... c3 51. Kd4 Rg3 52. Ke5 Rxg4 53. f6+ Kg6 54. Rg8+ Kh5 55. Rc8 Rg3 56. Kd6 Kg6 {Precision: White = 38%, Black = 67%.} 0-1

[Event "American Continental-ch 2018"]
[Site "Montevideo"]
[Date "2018.06.02"]
[Round "2"]
[White "Colas, Joshua"]
[Black "Liang, Awonder"]
[Result "0-1"]
[WhiteElo "2285"]
[BlackElo "2571"]
[Annotator "TA"]
[PlyCount "84"]
[EventDate "2018.??.??"]
[EventType "swiss"]
[EventCountry "URU"]
[SourceTitle "playchess.com"]
[Source "ChessBase"]
[SourceQuality "1"]

{[%evp 31,84,0,0,0,-2,-19,0,-19,0,-20,-8,-5,0,0,0,0,0,-16,-14,-42,-43,-25,-39,-31,-38,-58,-50,-58,-20,-20,-22,-27,-20,-35,-33,-28,-22,-145,-153,-112,-110,-549,-229,-656,-646,-781,-762,-847,-707,-700,-688,-815,-769,-4902,-4902]} 1. Nf3 Nf6 2. c4 e6 3. g3 Be7 4. Bg2 O-O 5. O-O d5 6. b3 b6 7. Bb2 Bb7 8. e3 dxc4 9. bxc4 c5 10. Nc3 Nc6 11. Qe2 Qc7 12. Nb5 Qd7 13. Rfd1 a6 14. Nc3 Qc7 15. Rab1 Rab8 {A14: English Opening: 1...e6 with b3 by White} 16. d3 Rfd8 {LiveBook: 44 Games} 17. a3 Na5 {[#] The position is equal.} 18. Na2 $146 ({Predecessor:} 18. Ba1 Bc6 19. a4 Ne8 20. Ne1 Bxg2 21. Kxg2 {1-0 (47) Dvirnyy,D (2530)-Salgado Lopez,I (2619) Skopje 2013}) 18... Ba8 19. Bc3 Nc6 20. Qc2 h6 21. Nc1 e5 22. Nb3 Bd6 23. Nh4 b5 24. cxb5 axb5 25. Be1 Qa7 26. Rdc1 {[%cal Rb3c5]} Nd7 27. Ra1 Ne7 28. Nd2 Bxg2 29. Nxg2 Nf6 30. a4 b4 {[%cal Bb5b4,Bb4b3,Bb3b2][%mdl 32]} 31. Nc4 Qa6 32. Nxd6 b3 33. Qc4 $1 {[%cal Rc4a6]} Qxd6 34. Rc3 (34. Rab1 $11 {was the only way to keep the balance.}) 34... b2 $36 {[%mdl 2048] Black is on the roll.} 35. Rb1 {[#]} e4 $1 {[%cal Re4d3][%mdl 512]} 36. Bd2 $2 {[%mdl 8192]} (36. d4 $17 {was the crucial defense.}) (36. dxe4 Qd1) 36... Ng6 (36... Nc6 $142 {Strongly threatening ...Ne5.} 37. Ne1 Ne5) 37. Ne1 $2 (37. d4) 37... Ne5 $1 $19 {[%csl LRc4,LRd3] Black is clearly winning.} 38. Qxc5 Qe6 39. d4 Nf3+ 40. Nxf3 Qa2 41. Rxb2 Rxb2 42. Bc1 Rxf2 {Precision: White = 42%, Black = 61%.} 0-1